000 00414pab a2200169 454500
008 180718b2010 xxu||||| |||| 00| 0 eng d
100 _aCornwall, Andrea
245 _aWomen's empowerment: contentions and contestations: Introduction
260 _c2010
300 _ap.144-49.
362 _aJun
650 _aWomen
700 _aAnyidoho, Nana Akua
773 _aDevelopment
908 _aN
909 _a87051
999 _c87051
_d87051